| 000 | 00855nab a2200253 u 4500 | ||
|---|---|---|---|
| 001 | 13324 | ||
| 003 | HDC | ||
| 007 | cr bn ---aaaaa | ||
| 008 | 210212b2017mmddxr d||no |||| 00| 0 eng d | ||
| 040 | _aHDC | ||
| 100 |
_aRustam Djalilov _914116 |
||
| 245 | 0 |
_aIslamic Banking Could Be Coming to the North Caucasus _c/ Rustam Djalilov |
|
| 260 |
_aCzech Republic: _bTransitions (TOL), _c2017 |
||
| 300 | _a1 online resource | ||
| 336 |
_atext _2rdacontent |
||
| 337 |
_acomputer _2rdamedia |
||
| 338 |
_aonline resource _2rdacarrier |
||
| 650 |
_aBanks and banking _xReligious aspects _xIslam _9262 |
||
| 710 | _aTOL | ||
| 856 | _zRequest full-text at [email protected] | ||
| 942 | _2lcc | ||
| 942 | _cNEWS | ||
| 942 | _kNWSO 003605 | ||
| 999 |
_c10640 _d10640 |
||